01417nam a22003617a 450000100060000000300090000600500170001500700070003200800340003902000150007304000220008808200220011010000070013224501570013924600320029626000480032830000480037650000690042450000270049350000210052065000460054165000610058770000260064870000300067470000270070474000670073191000370079894200120083594500270084795201240087495600400099899900170103800548DO-SdBNP20170915134928.0000548161012b 2000 sp | 00| 0 spa d a8449411548 aBPMSUbspacBPMSU 4aR 658.02203bE56p a 00aEnciclopedia práctica de la pequeña y mediana empresa /c[dirección, Carlos Gispert ; ; ilustración Monserrat Marcet ; edición Luis Borrás.30aPequeña y mediana empresa aBarcelona : bOcéano : Centrum, c[2000]. avii, 928 p. : bil.; c26 cm. + eCD-ROM  aTit. del disco compacto: Curso de planificación estratégica  aGlosario : p. 905-924. aIncluye índice 4aMICROEMPRESASvENCICLOPÉDIASxESPAÑOL 4aADMINISTRACIÓN DE EMPRESASvENCICLOPÉDIASxESPAÑOL12aGispert, Carlosedir.12aMarcet, Monserrat, eil. 12aBorrás, Luis, eed. 0 aCurso de planificación estratégica [recurso electrónico] aValidado. Control de calidad MFF 2ddccBK aInventariado / 2017 VM 00102ddc40708CR-GaBPMETbBPMETd2016-10-12eCompral0oR 658.02203 E56ppBPMSU16100131r2016-10-12w2016-10-12yBK 2LOPEREZ3106201610128BPMSUa00041 c11548d11548